| 000 | 01604cam a2200373 a 4500 | ||
|---|---|---|---|
| 001 | 81-265-1261-X | ||
| 003 | OSt | ||
| 005 | 20211029113237.0 | ||
| 008 | 010208s2002 nyua b 001 0 eng | ||
| 010 | _a 2001017854 | ||
| 020 | _a9788126512614 | ||
| 038 | _akhadija | ||
| 040 |
_aDLC _cDLC _dDLC |
||
| 050 | 0 | 0 |
_aQC320 _b.I45 2002 |
| 082 | 0 | 0 |
_a621.4022 _221 _bINC |
| 100 | 1 |
_aIncropera, Frank P. _99033 |
|
| 245 | 1 | 0 |
_aFundamentals of Heat and Mass Transfer / _cFrank P. Incropera, David P. DeWitt. |
| 250 | _a5th ed. | ||
| 260 |
_aNew York : _bJ. Wiley, _cc2002. |
||
| 300 |
_axix, 981 p. : _bill. (some col.) ; _c26 cm. + _e1 computer disc (4 3/4 in.) with user's guide. |
||
| 500 | _aPaperback. | ||
| 504 | _aIncludes bibliographical references and index. | ||
| 538 | _aSystem requirements for accompanying computer disc: Windows 3.1, Windows 95 or higher operating system. | ||
| 563 | _aPB | ||
| 650 | 0 |
_aHeat _xTransmission. _91537 |
|
| 650 | 0 |
_aMass transfer. _911005 |
|
| 700 | 1 |
_aDeWitt, David P., _d1934- _983544 |
|
| 856 | 4 | 2 |
_3Publisher description _uhttp://www.loc.gov/catdir/description/wiley037/2001017854.html |
| 856 | 4 |
_3Table of Contents only _uhttp://www.loc.gov/catdir/toc/onix06/2001017854.html |
|
| 856 | 4 | 2 |
_3Contributor biographical information _uhttp://www.loc.gov/catdir/enhancements/fy0612/2001017854-b.html |
| 906 |
_a7 _bcbc _corignew _d1 _eocip _f20 _gy-gencatlg |
||
| 942 |
_2ddc _cBK _h621.4022 _i8 |
||
| 999 |
_c31498 _d31498 |
||